Statistics for Hunger games stupid names

Click here to take the quiz!

General Stats

  • This quiz has been taken 65 times
  • The average score is 5 of 17

Answer Stats

HintAnswer% Correct
PrimPrim prom pin
85%
PeetaPita pocket
80%
President SnowStone aged snowman
55%
GlimmerShiny jelly face
45%
ThreshBird Shrek
25%
RueLeaf lampshade
25%
HaymitchCurtain moron
20%
CloveThwacky putter
20%
FoxfaceEmu grapevine
15%
KatnissGoldie golf ball
15%
CinnaStinky stunbag
15%
GaleCorn kernel
10%
EffieCreamy knick knocks
10%
Caesar flickermanDying minky monkey
10%
CatoMinty mongoose waxstrip
10%
MarvelSticky ribs
10%
Seneca CraneWingy wony onzie
10%

Score Distribution

Percentile by Number Answered

Percent of People with Each Score

Your Score History

You have not taken this quiz